000 00954cam a2200277 a 4500
999 _c478195
_d478195
001 14698893
003 NUST
005 20180406070556.0
008 070116s2008 njua 001 0 eng
010 _a 2007920981
_z 2007060079
020 _a9780132429351 (alk. paper)
020 _a0132429357 (alk. paper)
040 _aDLC
_cDLC
_dDLC
050 0 0 _aTK7870
_b.F52 2008
082 0 0 _a621.3815
_222
100 1 _aFloyd, Thomas L.
_910192
245 1 0 _aElectronic devices :
_belectron flow version /
_cThomas L. Floyd.
260 _aUpper Saddle River, N.J. :
_bPearson Prentice Hall,
_c2008.
300 _a635 p. :
_c28 cm.
500 _aIncludes index.
650 0 _aElectronic apparatus and appliances.
_910193
650 0 _aSolid state electronics.
_910194
906 _a7
_bcbc
_corignew
_d1
_eocip
_f20
_gy-gencatlg
942 _2ddc
_cBK